| 000 | 00365nam a22000977a 4500 | ||
|---|---|---|---|
| 008 | 130911b xxu||||| |||| 00| 0 eng d | ||
| 010 | _aHCCSF-98b | ||
| 245 | _aHigh Court Civil Suit No. 54 of 2009 Jacob Mutabazi vs 1. The Seventh day Adventist Church 2. Dan Namaswala | ||
| 260 |
_aUganda High Court _c29th April 2011 |
||
| 500 | _3BEFORE:Hon.Lady Justice Monica K. Mugenyi | ||
| 999 |
_c5735 _d5735 |
||